[Event "SVK-chT2A 2223"]
[Site "Slovakia"]
[Date "2022.11.12"]
[Round "3.5"]
[White "Sustak, Roman"]
[Black "Paluska, Karol"]
[Result "0-1"]
[WhiteElo "1897"]
[BlackElo "1923"]
[PlyCount "70"]
[EventDate "2022.10.08"]
[EventType "team-tourn"]
[EventRounds "11"]
[EventCountry "SVK"]
[SourceTitle "EXT 2024"]
[Source "ChessBase"]
[SourceDate "2023.10.10"]
[SourceVersion "1"]
[SourceVersionDate "2023.10.10"]
[SourceQuality "1"]
[WhiteTeam "Modra II"]
[BlackTeam "Bratislava Doprastav II"]
[WhiteTeamCountry "SVK"]
[BlackTeamCountry "SVK"]

1. Nf3 Nf6 2. d4 e6 3. c4 d5 4. Bg5 Bb4+ 5. Nc3 0-0 6. e3 c5 7. a3 Bxc3+ 8. bxc3 Nbd7 9. Qb3 b6 10. cxd5 exd5 11. Bb5 c4 12. Qb4 Nb8 13. Ne5 h6 14. Bh4 Bb7 15. 0-0 a6 16. Ba4 b5 17. Bc2 Nc6 18. Nxc6 Bxc6 19. Rfb1 g5 20. Bg3 Ne4 21. f3 Nxg3 22. hxg3 Re8 23. Kf2 Kg7 24. Re1 Qf6 25. Re2 Re6 26. Rae1 Rae8 27. Qb1 h5 28. Bf5 R6e7 29. e4 dxe4 30. fxe4 Bxe4 31. Qc1 Bxf5 32. Re5 Bd3+ 33. Kg1 Rxe5 34. dxe5 Rxe5 35. Re3 Qb6 0-1

[Event "SVK-chT2A 1920"]
[Site "Slovakia"]
[Date "2019.12.14"]
[Round "5.7"]
[White "Puchart, Vladimir"]
[Black "Sustak, Roman"]
[Result "1-0"]
[WhiteElo "2055"]
[BlackElo "1931"]
[PlyCount "85"]
[EventDate "2019.10.26"]
[EventType "team-tourn"]
[EventRounds "11"]
[EventCountry "SVK"]
[SourceTitle "CBM 194 Extra"]
[Source "ChessBase"]
[SourceDate "2020.03.31"]
[SourceVersion "1"]
[SourceVersionDate "2020.03.31"]
[SourceQuality "1"]
[WhiteTeam "Cifer"]
[BlackTeam "Modra II"]
[WhiteTeamCountry "SVK"]
[BlackTeamCountry "SVK"]

1. d4 Nf6 2. c4 c5 3. d5 g6 4. Nc3 d6 5. e4 Bg7 6. f3 0-0 7. Be3 Bd7 8. Qd2 Qa5 9. Nge2 Ne8 10. Bh6 Bxh6 11. Qxh6 b5 12. h4 Ng7 13. h5 g5 14. Qxg5 f6 15. Qg3 Kh8 16. Nf4 Bf5 17. cxb5 Nxh5 18. Nxh5 Rg8 19. Qh4 Bg6 20. Nf4 Kg7 21. Bd3 c4 22. Bc2 Nd7 23. Nxg6 hxg6 24. Qh7+ Kf8 25. f4 Qb6 26. Qh3 Kg7 27. Qg3 Kf8 28. Qf2 Nc5 29. e5 f5 30. e6 Kg7 31. Ke2 Nb7 32. Rh3 Qxf2+ 33. Kxf2 Rh8 34. Rah1 Rxh3 35. Rxh3 Nc5 36. Kf3 a6 37. a4 axb5 38. axb5 Ra1 39. Ke2 Rg1 40. Rg3 Kf6 41. Na4 Nb7 42. Nb6 Rc1 43. Nd7+ 1-0

[Event "SVK-chT2A 1819"]
[Site "Slovakia"]
[Date "2018.12.15"]
[Round "5.6"]
[White "Hulla, Stanislav"]
[Black "Sustak, Roman"]
[Result "1-0"]
[WhiteElo "1955"]
[BlackElo "1917"]
[PlyCount "181"]
[EventDate "2018.10.13"]
[EventType "team-tourn"]
[EventRounds "11"]
[EventCountry "SVK"]
[SourceTitle "CBM 189 Extra"]
[Source "ChessBase"]
[SourceDate "2019.06.03"]
[SourceVersion "1"]
[SourceVersionDate "2019.06.03"]
[SourceQuality "1"]
[WhiteTeam "Pezinok"]
[BlackTeam "Modra II"]
[WhiteTeamCountry "SVK"]
[BlackTeamCountry "SVK"]

1. d4 Nf6 2. Nf3 g6 3. Bf4 Bg7 4. e3 0-0 5. Be2 d6 6. h3 c5 7. c3 Qb6 8. Qb3 Be6 9. Qxb6 axb6 10. a3 Nc6 11. Nbd2 Na5 12. 0-0 Rfc8 13. Rfd1 Bd5 14. Rac1 c4 15. Re1 b5 16. Bf1 Ne4 17. Nxe4 Bxe4 18. Nd2 Bc6 19. Be2 e5 20. Bg3 f5 21. Bd1 Re8 22. Bc2 Rad8 23. Rcd1 Bh6 24. Nf3 f4 25. Bh2 Bxf3 26. gxf3 fxe3 27. fxe3 Nc6 28. Kf2 d5 29. dxe5 Nxe5 30. e4 Nd3+ 31. Bxd3 cxd3 32. Rxd3 dxe4 33. Rxe4 Rxd3 34. Rxe8+ Kf7 35. Re2 Rd2 36. Rxd2 Bxd2 37. Bd6 Ke6 38. Bb4 Kd5 39. b3 Bf4 40. Ke2 Bc1 41. Kd3 Bf4 42. c4+ bxc4+ 43. bxc4+ Kc6 44. Ke4 Bg5 45. Ke5 Kd7 46. Kd5 Bf4 47. Bc3 Bc1 48. Bb4 Bb2 49. a4 Bc1 50. Kc5 Be3+ 51. Kb5 Kc7 52. Bc5 Bd2 53. Bb6+ Kd7 54. Bd4 Bg5 55. Kb6 Kc8 56. a5 Bd8+ 57. Kb5 Kd7 58. Bb6 Bg5 59. Kc5 Ke6 60. Bc7 Be3+ 61. Kb5 Kd7 62. Bb6 Bg5 63. Bd4 Bd8 64. Bc3 Bc7 65. Bd4 Bd8 66. Be5 Ke6 67. Bd4 Kd7 68. c5 Bc7 69. Be3 Bd8 70. Bf4 Be7 71. Kb6 Kc8 72. c6 Bd8+ 73. c7 Be7 74. a6 bxa6 75. Kxa6 Bh4 76. Kb5 Be1 77. Kc6 Ba5 78. Be5 g5 79. Bd6 h5 80. Be5 g4 81. fxg4 hxg4 82. hxg4 Bxc7 83. Kd5 Ba5 84. g5 Kd7 85. Bf6 Bd2 86. g6 Bh6 87. Ke5 Bf8 88. Kf5 Kd6 89. Bb2 Bh6 90. Kf6 Kd7 91. Kf7 1-0

[Event "SVK-chT2A 1819"]
[Site "Slovakia"]
[Date "2018.10.13"]
[Round "1.8"]
[White "Sustak, Roman"]
[Black "Harastova, Viera"]
[Result "1/2-1/2"]
[WhiteElo "1917"]
[BlackElo "1822"]
[PlyCount "110"]
[EventDate "2018.10.13"]
[EventType "team-tourn"]
[EventRounds "11"]
[EventCountry "SVK"]
[SourceTitle "CBM 189 Extra"]
[Source "ChessBase"]
[SourceDate "2019.06.03"]
[SourceVersion "1"]
[SourceVersionDate "2019.06.03"]
[SourceQuality "1"]
[WhiteTeam "Modra II"]
[BlackTeam "Skalica"]
[WhiteTeamCountry "SVK"]
[BlackTeamCountry "SVK"]

1. Nf3 Nc6 2. d4 d5 3. c4 e6 4. Nc3 Nf6 5. Bg5 Be7 6. e3 h6 7. Bh4 0-0 8. a3 a6 9. Rc1 Nb8 10. Bd3 dxc4 11. Bxc4 b5 12. Ba2 Bb7 13. 0-0 Nbd7 14. b4 Ne4 15. Bxe7 Qxe7 16. Bb1 Nxc3 17. Rxc3 Nf6 18. Ne5 Rfc8 19. Nc6 Qd7 20. Qc2 Bxc6 21. Rxc6 g6 22. Rc1 Nd5 23. Ba2 a5 24. bxa5 Rxa5 25. Qc5 Ne7 26. Rxc7 Rxc7 27. Qxc7 Qxc7 28. Rxc7 Kf8 29. Rc3 b4 30. Rb3 Rxa3 31. Rb2 Nd5 32. g3 Nc3 33. Bc4 Ra1+ 34. Kg2 Rb1 35. Rc2 Ke7 36. Bd3 Rb3 37. Bc4 Rb1 38. Bd3 Rb3 39. Kf3 Kf6 40. Bc4 Rb1 41. h4 g5 42. hxg5+ Kxg5 43. e4 Rd1 44. Ke3 Re1+ 45. Be2 b3 46. Rxc3 b2 47. Rc5+ Kf6 48. Rb5 b1Q 49. Rxb1 Rxb1 50. f4 Rb3+ 51. Bd3 Ke7 52. g4 f6 53. Kd2 Ra3 54. Ke3 Rb3 55. Kd2 Ra3 1/2-1/2

[Event "SVK-chT2A 1718"]
[Site "Slovakia"]
[Date "2018.03.17"]
[Round "10.6"]
[White "Zetocha, Adrian"]
[Black "Sustak, Roman"]
[Result "1-0"]
[WhiteElo "2137"]
[BlackElo "1922"]
[PlyCount "97"]
[EventDate "2017.10.28"]
[EventType "team-tourn"]
[EventRounds "11"]
[EventCountry "SVK"]
[SourceTitle "EXT 2020"]
[Source "ChessBase"]
[SourceDate "2019.10.17"]
[SourceVersion "1"]
[SourceVersionDate "2019.10.17"]
[SourceQuality "1"]
[WhiteTeam "Bratislava Slovan V"]
[BlackTeam "Modra II"]
[WhiteTeamCountry "SVK"]
[BlackTeamCountry "SVK"]

1. d4 Nf6 2. c4 c5 3. d5 g6 4. Nc3 d6 5. e4 Bg7 6. Nf3 0-0 7. Bd3 Na6 8. 0-0 Bd7 9. Re1 Nc7 10. a4 Ng4 11. Qc2 Na6 12. h3 Nb4 13. Qe2 Ne5 14. Nxe5 Bxe5 15. f4 Bd4+ 16. Be3 Bxe3+ 17. Qxe3 f6 18. Re2 a6 19. Rae1 e5 20. dxe6 Bxe6 21. Rd2 Qc7 22. Red1 Rad8 23. Kh1 Rfe8 24. Qg3 Bf7 25. b3 Nc6 26. Ne2 Kg7 27. Bb1 Qe7 28. Qc3 Kg8 29. g4 g5 30. Ng3 Bg6 31. fxg5 fxg5 32. Nf5 Bxf5 33. gxf5 Nd4 34. Rg2 h6 35. Rxd4 cxd4 36. Qxd4 Qe5 37. Qb6 Qa1 38. Qg1 Kf7 39. Rd2 Qc3 40. Rd3 Qe5 41. Rd5 Qb2 42. Qd1 Qf6 43. c5 dxc5 44. e5 Qb6 45. Qh5+ Kf8 46. e6 Qc7 47. f6 Rxe6 48. Qxh6+ Kf7 49. Qg7+ 1-0

[Event "SVK-chT2A 1718"]
[Site "Slovakia"]
[Date "2017.11.26"]
[Round "4.8"]
[White "Sustak, Roman"]
[Black "Mihalik, Anton"]
[Result "0-1"]
[WhiteElo "1913"]
[BlackElo "1953"]
[PlyCount "74"]
[EventDate "2017.10.28"]
[EventType "team-tourn"]
[EventRounds "11"]
[EventCountry "SVK"]
[SourceTitle "EXT 2019"]
[Source "ChessBase"]
[SourceDate "2018.10.10"]
[SourceVersion "1"]
[SourceVersionDate "2018.10.10"]
[SourceQuality "1"]
[WhiteTeam "Modra II"]
[BlackTeam "Piestany Loewe"]
[WhiteTeamCountry "SVK"]
[BlackTeamCountry "SVK"]

1. Nf3 Nf6 2. d4 d5 3. c4 e6 4. Nc3 Be7 5. Bg5 Nbd7 6. e3 a6 7. Bd3 dxc4 8. Bxc4 b5 9. Be2 Bb7 10. a3 Rc8 11. b4 0-0 12. 0-0 Ne4 13. Nxe4 Bxe4 14. Bxe7 Qxe7 15. Nd2 Bb7 16. e4 e5 17. d5 c6 18. dxc6 Rxc6 19. Rc1 Rfc8 20. Rxc6 Rxc6 21. Qb1 Nb6 22. Bd1 Qc7 23. Bb3 g6 24. Qb2 Rc3 25. Re1 Kg7 26. f4 Nd7 27. Kh1 f6 28. Be6 Rc2 29. Qb1 Rxd2 30. f5 Qd6 31. h3 Nf8 32. Bb3 gxf5 33. Re3 Bxe4 34. Rg3+ Ng6 35. Qg1 f4 36. Qa7+ Qd7 37. Qxd7+ Rxd7 0-1

[Event "SVK-ch Seniors 65"]
[Site "Tatranske Matliare"]
[Date "2017.05.28"]
[Round "3"]
[White "Semla, Milan"]
[Black "Sustak, Roman"]
[Result "0-1"]
[WhiteElo "1801"]
[BlackElo "1933"]
[PlyCount "60"]
[EventDate "2017.05.27"]
[EventType "swiss"]
[EventRounds "9"]
[EventCountry "SVK"]
[SourceTitle "EXT 2023"]
[Source "ChessBase"]
[SourceDate "2022.10.05"]
[SourceVersion "1"]
[SourceVersionDate "2022.10.05"]
[SourceQuality "1"]

1. b3 Nf6 2. Bb2 e6 3. e3 g6 4. g4 Bg7 5. g5 Nh5 6. Bxg7 Nxg7 7. h4 c5 8. Nc3 Nc6 9. Bg2 d5 10. Nge2 Bd7 11. d3 0-0 12. Qd2 Rb8 13. f4 b5 14. Ng3 Ne7 15. h5 Ngf5 16. Nxf5 Nxf5 17. hxg6 fxg6 18. 0-0-0 b4 19. Nb1 Bc6 20. Rh2 a5 21. a4 bxa3 22. Nxa3 a4 23. bxa4 Bxa4 24. Qc3 Qc7 25. Rdh1 Rf7 26. Kd2 Nxe3 27. Qe5 Qxe5 28. fxe5 Nxg2 29. Rxg2 d4 30. Nc4 Bc6 0-1

[Event "SVK-chT2A 1415"]
[Site "Slovakia"]
[Date "2014.11.09"]
[Round "4.7"]
[White "Sustak, Roman"]
[Black "Kucera, Michal"]
[Result "0-1"]
[WhiteElo "1877"]
[BlackElo "1934"]
[PlyCount "96"]
[EventDate "2014.10.11"]
[EventType "team-tourn"]
[EventRounds "11"]
[EventCountry "SVK"]
[SourceTitle "EXT 2016"]
[Source "ChessBase"]
[SourceDate "2015.10.08"]
[SourceVersion "1"]
[SourceVersionDate "2015.10.08"]
[SourceQuality "1"]
[WhiteTeam "Modra II"]
[BlackTeam "Devinska Nova Ves II"]
[WhiteTeamCountry "SVK"]
[BlackTeamCountry "SVK"]

1. Nf3 d5 2. c4 e6 3. d4 Nf6 4. Nc3 Be7 5. Bf4 c6 6. h3 Nbd7 7. e3 Nf8 8. Ne5 N6d7 9. Bd3 Nxe5 10. Bxe5 Bf6 11. Bg3 Ng6 12. Qc2 Ne7 13. Bh2 g6 14. h4 Nf5 15. h5 Qe7 16. 0-0-0 Bd7 17. c5 gxh5 18. Bxf5 exf5 19. Bd6 Qe6 20. Rxh5 Be7 21. Be5 f6 22. Bf4 Qg8 23. f3 b5 24. Qf2 0-0-0 25. b4 Kb7 26. a4 Ra8 27. axb5 cxb5 28. Qa2 Bc6 29. Rxf5 Qe6 30. e4 a5 31. Qb1 dxe4 32. fxe4 Qc4 33. Qc2 axb4 34. Nd5 Ra1+ 35. Kd2 Ra2 36. Qxa2 Qxa2+ 37. Ke1 Bxd5 38. Rxd5 Rd8 39. Rxd8 Bxd8 40. d5 Ba5 41. c6+ Kc8 42. d6 b3+ 43. Kf1 Qc2 44. d7+ Kd8 45. Rc1 Qc4+ 46. Rxc4 bxc4 47. Bc1 c3 48. e5 b2 0-1

[Event "SVK-chT2A 1112"]
[Site "Slovakia"]
[Date "2012.01.07"]
[Round "7.8"]
[White "Tomovicsova, Evelina"]
[Black "Sustak, Roman"]
[Result "1-0"]
[WhiteElo "1689"]
[BlackElo "1971"]
[PlyCount "83"]
[EventDate "2011.10.08"]
[EventType "team-tourn"]
[EventRounds "11"]
[EventCountry "SVK"]
[SourceTitle "EXT 2013"]
[Source "ChessBase"]
[SourceDate "2012.11.22"]
[SourceVersion "1"]
[SourceVersionDate "2012.11.22"]
[SourceQuality "1"]
[WhiteTeam "Dunajska Streda SK II"]
[BlackTeam "Modra II"]
[WhiteTeamCountry "SVK"]
[BlackTeamCountry "SVK"]

1. e4 e6 2. d4 d5 3. exd5 exd5 4. Be2 Nf6 5. Bf4 Bd6 6. Bxd6 Qxd6 7. c3 0-0 8. Nf3 Bg4 9. 0-0 Nbd7 10. Re1 Rae8 11. Nbd2 Bf5 12. Nf1 Ne4 13. Ng3 Bg6 14. Bd3 Re7 15. Qc2 Rfe8 16. Re2 Nxg3 17. Rxe7 Rxe7 18. hxg3 Be4 19. Re1 Nf6 20. Re2 h6 21. Nd2 Qe6 22. f3 Qd6 23. fxe4 Qxg3 24. Nf1 Qg5 25. e5 Nh5 26. Qd2 Nf4 27. Re3 Qh4 28. Qf2 Qg5 29. Qg3 Qxg3 30. Nxg3 g6 31. Rf3 Ne6 32. Ne2 c6 33. b3 b5 34. c4 a6 35. cxd5 cxd5 36. a4 bxa4 37. bxa4 a5 38. Bb5 Rc7 39. Rc3 Rb7 40. Rc6 Nc7 41. Rc5 Kg7 42. Nc3 1-0

[Event "SVK-chT2A 1112"]
[Site "Slovakia"]
[Date "2011.12.04"]
[Round "6.5"]
[White "Kebis, Milos"]
[Black "Sustak, Roman"]
[Result "1-0"]
[WhiteElo "2008"]
[BlackElo "1971"]
[PlyCount "104"]
[EventDate "2011.10.08"]
[EventType "team-tourn"]
[EventRounds "11"]
[EventCountry "SVK"]
[SourceTitle "EXT 2013"]
[Source "ChessBase"]
[SourceDate "2012.11.22"]
[SourceVersion "1"]
[SourceVersionDate "2012.11.22"]
[SourceQuality "1"]
[WhiteTeam "Krasnany"]
[BlackTeam "Modra II"]
[WhiteTeamCountry "SVK"]
[BlackTeamCountry "SVK"]

1. c4 Nf6 2. d4 c6 3. Nc3 d5 4. Nf3 g6 5. e3 dxc4 6. Bxc4 b5 7. Bb3 a5 8. 0-0 a4 9. Bc2 Bg7 10. e4 0-0 11. Re1 Na6 12. d5 Bb7 13. Bf4 Nh5 14. Be5 f6 15. Bd4 Qd7 16. Be3 Nc7 17. dxc6 Bxc6 18. Nd4 e5 19. Nxc6 Qxc6 20. Nd5 Nxd5 21. exd5 Qd6 22. g4 Nf4 23. Bxf4 exf4 24. Re6 Qd7 25. Qf3 Rad8 26. Rd1 Qc7 27. Rc6 Qe5 28. b3 a3 29. b4 Rd6 30. Qxa3 Rfd8 31. Rxd6 Rxd6 32. Qd3 Qe8 33. Qf3 Qe5 34. Bb3 f5 35. h3 Qe4 36. Kg2 Bc3 37. Rc1 Bxb4 38. Rc8+ Kg7 39. Rb8 Kf6 40. Rxb5 Bc3 41. Rc5 Be5 42. Rc2 h5 43. Re2 Qxf3+ 44. Kxf3 Rd8 45. g5+ Kxg5 46. Rxe5 Rc8 47. h4+ Kxh4 48. Kxf4 Rf8 49. d6 g5+ 50. Kf3 f4 51. d7 g4+ 52. Kg2 g3 1-0

[Event "SVK-chT2A 10/11"]
[Site "Slovakia"]
[Date "2011.03.06"]
[Round "51.7"]
[White "Sustak, Roman"]
[Black "Goga, Frantisek"]
[Result "1/2-1/2"]
[WhiteElo "1966"]
[BlackElo "1912"]
[PlyCount "87"]
[EventDate "2010.10.23"]
[EventType "team-tourn"]
[EventRounds "11"]
[EventCountry "SVK"]
[SourceTitle "EXT 2019"]
[Source "ChessBase"]
[SourceDate "2018.10.10"]
[SourceVersion "1"]
[SourceVersionDate "2018.10.10"]
[SourceQuality "1"]
[WhiteTeam "Modra II"]
[BlackTeam "Bratislava Doprastav III"]
[WhiteTeamCountry "SVK"]
[BlackTeamCountry "SVK"]

1. Nf3 Nf6 2. c4 g6 3. Nc3 Bg7 4. g3 0-0 5. Bg2 d6 6. 0-0 c5 7. d3 Nc6 8. a3 a6 9. Rb1 Rb8 10. b4 cxb4 11. axb4 b5 12. c5 dxc5 13. bxc5 Nd7 14. Ne4 Bb7 15. d4 Nxd4 16. Nxd4 Bxe4 17. Bxe4 Nxc5 18. Nc6 Qxd1 19. Rxd1 Nxe4 20. Nxb8 Rxb8 21. Rd3 Nc3 22. Rb2 Rc8 23. Be3 a5 24. Rbd2 f5 25. Bb6 a4 26. Ba5 a3 27. Bb4 Kf7 28. Bxa3 Nb1 29. Rd1 Nxa3 30. Rxa3 b4 31. Rb3 Bc3 32. Kg2 Ra8 33. Rd3 Ra2 34. Kf3 Kf6 35. Ke3 g5 36. Rd1 h6 37. h3 e6 38. Rh1 e5 39. Rd1 f4+ 40. gxf4 gxf4+ 41. Kf3 Kf5 42. Rd5 Ra3 43. Rb1 b3 44. e3 1/2-1/2

[Event "SVK-chT2A 10/11"]
[Site "Slovakia"]
[Date "2010.12.04"]
[Round "3.8"]
[White "Kuna, Vladimir"]
[Black "Sustak, Roman"]
[Result "0-1"]
[WhiteElo "2051"]
[BlackElo "1966"]
[PlyCount "120"]
[EventDate "2010.10.23"]
[EventType "team-tourn"]
[EventRounds "11"]
[EventCountry "SVK"]
[SourceTitle "EXT 2019"]
[Source "ChessBase"]
[SourceDate "2018.10.10"]
[SourceVersion "1"]
[SourceVersionDate "2018.10.10"]
[SourceQuality "1"]
[WhiteTeam "Bratislava Doprastav"]
[BlackTeam "Modra II"]
[WhiteTeamCountry "SVK"]
[BlackTeamCountry "SVK"]

1. d4 Nf6 2. Nf3 e6 3. Bg5 Be7 4. c4 d5 5. Nc3 Nbd7 6. e3 0-0 7. Rc1 c6 8. Bd3 h6 9. Bh4 dxc4 10. Bxc4 Nb6 11. Bd3 Nbd5 12. 0-0 Nxc3 13. bxc3 c5 14. Bb1 Nd5 15. Qc2 g6 16. Bxe7 Nxe7 17. Ne5 Qe8 18. h4 Kg7 19. h5 Bd7 20. hxg6 Nxg6 21. f4 Rc8 22. Rf3 Rg8 23. Rg3 Kf6 24. Ng4+ Ke7 25. Nxh6 Rg7 26. Nxf7 Ba4 27. Qe4 Bc6 28. d5 Bxd5 29. Qc2 Qxf7 30. Rxg6 Rcg8 31. Rxg7 Rxg7 32. e4 Qxf4 33. Re1 Qg3 34. Qf2 Qxf2+ 35. Kxf2 Bc6 36. Kf3 Kf6 37. Rh1 Rg5 38. Rh4 Ke5 39. g4 a5 40. Rh5 Kf6 41. Rh6+ Ke5 42. Bc2 b5 43. Rh7 b4 44. cxb4 axb4 45. Rh5 Rxh5 46. gxh5 Kf6 47. h6 e5 48. h7 Kg7 49. Kg4 Bd7+ 50. Kg5 Be6 51. Bb1 c4 52. h8Q+ Kxh8 53. Kf6 Bg8 54. Kxe5 c3 55. Kd4 Bxa2 56. Bc2 Kg7 57. e5 Be6 58. Be4 Kh6 59. Kd3 Kg5 60. Kd4 Bf5 0-1

[Event "SVK-chT2A 0910"]
[Site "Slovakia"]
[Date "2009.10.11"]
[Round "2.8"]
[White "Sustak, Roman"]
[Black "Sosovicka, Matej"]
[Result "1-0"]
[WhiteElo "1923"]
[BlackElo "1832"]
[PlyCount "51"]
[EventDate "2009.10.10"]
[EventType "team-tourn"]
[EventRounds "11"]
[EventCountry "SVK"]
[SourceTitle "EXT 2011"]
[Source "ChessBase"]
[SourceDate "2010.11.26"]
[SourceVersion "1"]
[SourceVersionDate "2010.11.26"]
[SourceQuality "1"]
[WhiteTeam "Modra II"]
[BlackTeam "Devinska Nova Ves"]
[WhiteTeamCountry "SVK"]
[BlackTeamCountry "SVK"]

1. Nf3 d5 2. c4 d4 3. g3 Nf6 4. Bg2 Nc6 5. 0-0 e5 6. d3 h6 7. a3 a5 8. e3 Be7 9. exd4 exd4 10. Re1 0-0 11. Nbd2 Bf5 12. Ne4 Nxe4 13. dxe4 Bg4 14. Bf4 g5 15. Bd2 Ne5 16. Qb3 a4 17. Qd1 Nxc4 18. Qc2 Nxd2 19. Qxd2 c5 20. Ne5 Be6 21. Qe2 Qc7 22. f4 Rab8 23. Qh5 Kh7 24. fxg5 Qxe5 25. g6+ fxg6 26. Qxe5 1-0

[Event "SVK-chT 0607"]
[Site "Slovakia"]
[Date "2007.03.31"]
[Round "10"]
[White "Sustak, Roman"]
[Black "Janko, Ladislav"]
[Result "0-1"]
[WhiteElo "1978"]
[BlackElo "2180"]
[PlyCount "86"]
[EventDate "2006.10.21"]
[EventType "team-tourn"]
[EventRounds "11"]
[EventCountry "SVK"]
[SourceTitle "EXT 2019"]
[Source "ChessBase"]
[SourceDate "2018.10.10"]
[SourceVersion "1"]
[SourceVersionDate "2018.10.10"]
[SourceQuality "1"]
[WhiteTeam "Modra"]
[BlackTeam "Nove Zamky Basta"]
[WhiteTeamCountry "SVK"]
[BlackTeamCountry "SVK"]

1. Nf3 g6 2. c4 Bg7 3. d4 d6 4. Nc3 Bg4 5. e4 Nc6 6. d5 Bxf3 7. gxf3 Nd4 8. Bh3 c5 9. Qa4+ Kf8 10. f4 a6 11. Qd1 b5 12. cxb5 axb5 13. 0-0 Nf6 14. e5 Nd7 15. e6 Nf6 16. Bg2 Rb8 17. Ne2 Nf5 18. Ng3 fxe6 19. dxe6 Nd4 20. Re1 Bh6 21. f5 Bxc1 22. Qxc1 Kg7 23. h4 Rg8 24. Kh1 gxf5 25. Nxf5+ Nxf5 26. Qg5+ Kh8 27. Qxf5 Rg4 28. Re3 Rxh4+ 29. Bh3 Qf8 30. Rg1 Qh6 31. Rgg3 Rg8 32. Rxg8+ Kxg8 33. Rg3+ Kh8 34. Kg2 Qf4 35. Qxf4 Rxf4 36. Ra3 Kg7 37. Kg3 Nh5+ 38. Kg2 Kf6 39. Ra8 Rb4 40. Rf8+ Kg5 41. Kf3 Rf4+ 42. Rxf4 Nxf4 43. Bg4 h5 0-1

[Event "SVK-chT2A 9899"]
[Site "Slovakia"]
[Date "1998.10.17"]
[Round "1"]
[White "Galan, Anton"]
[Black "Sustak, Roman"]
[Result "1-0"]
[WhiteElo "1921"]
[BlackElo "1943"]
[PlyCount "77"]
[EventDate "1998.??.??"]
[EventType "team"]
[EventRounds "9"]
[EventCountry "SVK"]
[SourceTitle "EXT 2000"]
[Source "ChessBase"]
[SourceDate "1999.11.16"]
[SourceVersion "1"]
[SourceVersionDate "1999.11.16"]
[SourceQuality "1"]

1. e4 e6 2. d4 d5 3. e5 c5 4. c3 Nc6 5. Nf3 Bd7 6. Be2 Nge7 7. 0-0 Ng6 8. Bd3 Rc8 9. Be3 cxd4 10. cxd4 Nb4 11. Bxg6 hxg6 12. Nc3 Be7 13. Qd2 Rh5 14. g3 g5 15. g4 Rh3 16. Kg2 Rh6 17. a3 Nc6 18. Nxg5 Rg6 19. h4 Na5 20. Qe2 Nc4 21. Bc1 Qb6 22. Rd1 Qb3 23. Rd3 Nxa3 24. Nd1 Qc2 25. Rd2 Qc4 26. bxa3 Qxe2 27. Rxe2 f6 28. f4 f5 29. gxf5 exf5 30. e6 Bb5 31. Re5 Bd3 32. Nf2 Be4+ 33. Nfxe4 fxe4 34. h5 Rc2+ 35. Kg3 Rc3+ 36. Kg4 Rh6 37. Nf7 Rf6 38. f5 e3 39. Bxe3 1-0